| 000 | 01272cam a2200349 a 4500 | ||
|---|---|---|---|
| 003 | CHAP | ||
| 005 | 20220329142519.0 | ||
| 008 | 010822d2001 mx 00 spa d | ||
| 010 | _a84505 | ||
| 011 | _a85477 | ||
| 035 | _a96010 | ||
| 040 | _cCHAP | ||
| 100 | 0 | 0 |
_aBarragán González, Hortencia. _910316 |
| 245 | 0 | 0 |
_aDeterminación de urea en suero sanguíneo y contenido mineral en suelo, forraje y suero sanguíneo en vacas Holstein en pastoreo _c/por Hortencia Barragán González |
| 260 |
_aChapingo, Méx. : _bEl autor, _c2001 |
||
| 300 | _a84 h. | ||
| 500 | _aTesis (Ing. Agr. Esp. en Zootecnia) -- UACH. Departamento de Zootecnia | ||
| 590 |
_aBATCH-UPD _b10 _c20130110 _lUCH01 _h1157 |
||
| 590 |
_aBATCH-UPD _b10 _c20130410 _lUCH01 _h0740 |
||
| 590 |
_aBATCH-UPD _b10 _c20130914 _lUCH01 _h0539 |
||
| 590 |
_aCONVERSION _b10 _c20130109 _lUCH01 _h1347 |
||
| 650 | 1 | 4 |
_aGanado Holstein. _945133 |
| 650 | 1 | 4 |
_aLeche _xProducción. _965400 |
| 650 | 1 | 4 |
_aPastoreo. _985984 |
| 650 | 1 | 4 |
_aSuero sanguíneo. _9110588 |
| 650 | 1 | 4 |
_aUrea en alimentación animal. _9116890 |
| 901 | _aBK | ||
| 905 | _aLilia Sánchez G. | ||
| 942 | _cFOLL | ||
| 949 |
_aTesis _bBC _cTES _d33724000852323 _eTS2 _fc.2 _h38416 _i96010 _sb |
||
| 949 |
_aTesis _bBC _cTES _d960101 _eTS1 _h38415 _i96010 _sb |
||
| 999 |
_c84505 _d84505 |
||